El bienaventurado Pio Quinto, Pontifice Maximo de la Iglesia religioso de la sagrada Orden de Predicadores. Cronica de su santa vida, prodigiosos echos, [sic] y govierno universal eclesiastico de todo el Orbe. Dedicada a nuestro Reverendissimo Padre Fray Juan Tomas de Rocaberti, maestro general de la Orden de Predicadores / por el Padre presentado Fray Antonio de Lorea, coronista general de la mesma Orden

Detalles Bibliográficos
Autor principal: Lorea, Antonio de, O. P., m. ca. 1687
Otros Autores: Paredes, Julián de, imp. y ed, Orozco, Marcos, fl. 1654-1707, grab
Formato: Libro
Lenguaje:Spanish
Publicado: en Madrid : por Julian de Paredes, impressor de libros, y à su costa... vendese en su casa en la Plazuela del Angel, 1673.
Materias:
Colección:Banco de datos
Acervo:Universidad Autónoma Benito Juárez de Oaxaca. Biblioteca Francisco de Burgoa. Colección antigua
Descripción Física:[8] h., 416 p., [3] h. + 1 h. de grab. : il. ; 4°
Tema general:Pontífices
Notas:Portada tipográfica con orla y pleca en grabado xilográfico. Texto a dos columnas con paginación en números arábigos, reclamos y signaturas. Incluye una ilustración en grabado calcográfico. Incluye capitular con motivos florales en grabado xilográfico. Encuadernación en pergamino. Marca de fuego: Casa del Noviciado de la Compañía de Jesús de Oaxaca, Oax. Marca de fuego: Convento de Santo Domingo de Oaxaca, Oax. Daños por polilla
LEADER 01883nam a22002290004500
035 |a 852 
041 0 |a spa 
100 1 |a Lorea, Antonio de, O. P., m. ca. 1687 
245 1 0 |a El bienaventurado Pio Quinto, Pontifice Maximo de la Iglesia religioso de la sagrada Orden de Predicadores. Cronica de su santa vida, prodigiosos echos, [sic] y govierno universal eclesiastico de todo el Orbe. Dedicada a nuestro Reverendissimo Padre Fray Juan Tomas de Rocaberti, maestro general de la Orden de Predicadores / por el Padre presentado Fray Antonio de Lorea, coronista general de la mesma Orden 
260 |a en Madrid : por Julian de Paredes, impressor de libros, y à su costa... vendese en su casa en la Plazuela del Angel, 1673. 
300 |a [8] h., 416 p., [3] h. + 1 h. de grab. : il. ; 4° 
500 |a Portada tipográfica con orla y pleca en grabado xilográfico. Texto a dos columnas con paginación en números arábigos, reclamos y signaturas. Incluye una ilustración en grabado calcográfico. Incluye capitular con motivos florales en grabado xilográfico. Encuadernación en pergamino. Marca de fuego: Casa del Noviciado de la Compañía de Jesús de Oaxaca, Oax. Marca de fuego: Convento de Santo Domingo de Oaxaca, Oax. Daños por polilla  
504 |a Al principio de la obra está la fe de erratas 
504 |a Al final de la obra están el índice de capítulos y el catálogo de publicaciones en venta de la casa impresora  
600 1 4 |a Pio V, papa, 1566-1572-Biografías 
650 1 0 |a Pontífices 
700 1 |a Paredes, Julián de, imp. y ed. 
700 1 |a Orozco, Marcos, fl. 1654-1707, grab. 
852 |a Universidad Autónoma "Benito Juárez" de Oaxaca, Biblioteca Francisco de Burgoa, Colección antigua 2635 
942 |c BURANT 
943 |g Universidad Autónoma Benito Juárez de Oaxaca. Biblioteca Francisco de Burgoa. Colección antigua 
999 |c 1111863  |d 1111863